000 00649nam a2200205 a 4500
001 18868
003 CO-ViMGA
008 141112s2004 ck r 000 u spa d
020 _a8480195258
040 _aCO-ViMGA
_bspa
_cCO-ViMGA
082 0 4 _a796.51 A543
100 1 _aÁngeli, Massimiliano; Martignoni, Stefano; Trimeri, Mario
_926961
245 1 0 _aTrekking :
_bhistoria, tecnicas y lugares
260 _aBarcleona :
_bPaidotribo; 2001
300 _a128 p. fotos
590 _aForma de adquisición : Premio Mincultura
650 1 4 _aCAMINATAS - EQUIPO Y ACCESORIOS
_926962
650 1 4 _aMONTANISMO - DEPORTES EXTREMOS
_926963
942 _2ddc
_cBK
999 _c28095
_d28095